BIBLIOTECA

SENCICO

Tecnologías desarrolladas por el Ininvi (Registro nro. 2163)

Detalles MARC
000 -LEADER
fixed length control field 00750nam a2200205Ia 4500
005 - DATE AND TIME OF LATEST TRANSACTION
control field 20251020182534.0
008 - FIXED-LENGTH DATA ELEMENTS--GENERAL INFORMATION
fixed length control field 200515s9999 xx 000 0 und d
082 ## - DEWEY DECIMAL CLASSIFICATION NUMBER
Classification number 72.012:728(85)/I59
100 ## - MAIN ENTRY--PERSONAL NAME
Personal name TEJADA SCHMIDT, Urbano
245 #0 - TITLE STATEMENT
Title Tecnologías desarrolladas por el Ininvi
260 ## - PUBLICATION, DISTRIBUTION, ETC.
Place of publication, distribution, etc. Lima
260 ## - PUBLICATION, DISTRIBUTION, ETC.
Date of publication, distribution, etc. 1990
500 ## - GENERAL NOTE
General note 1 ejemplar
520 ## - SUMMARY, ETC.
Summary, etc. Presenta la labor del Ininvi desarrollada en el campo de la investigación científica y tecnológica, en el de la normalización técnica, en la aplicación de los resultados mediante la ejecución de proyectos experimentales y demostrativos y las acciones de d
650 ## - SUBJECT ADDED ENTRY--TOPICAL TERM
Topical term or geographic name entry element LIB
650 ## - SUBJECT ADDED ENTRY--TOPICAL TERM
Topical term or geographic name entry element NORMALIZACION
650 ## - SUBJECT ADDED ENTRY--TOPICAL TERM
Topical term or geographic name entry element PUB ININVI
650 ## - SUBJECT ADDED ENTRY--TOPICAL TERM
Topical term or geographic name entry element SISTEMAS CONSTRUCTIVOS
942 ## - ADDED ENTRY ELEMENTS (KOHA)
Koha item type Libros
Existencias
Fecha de la última vez que lo usaron Pago total Signatura topográfica completa Código de barras Precio efectivo desde Tipo de documento Estado perdido Estado dañado No es para préstamo Retirado Ubicación permanente Ubicación actual Fecha de adquisición
15/05/2020   72.012:728(85)/I59 Bib-Lima15052163 15/05/2020 Libros         Biblioteca Central Lima Biblioteca Central Lima 15/05/2020